Hosios : a semantic study of Greek piety /
In Hosios: A Semantic Study of Greek Piety Saskia Peels elucidates the semantics of the Ancient Greek adjective hosios and its cognates. Traditionally rendered as 'piety', hosios was a key notion in Classical Greek religion and reflected a core value in Athenian democracy. Since antiquity,...
المؤلف الرئيسي:
التنسيق: كتاب الكتروني
اللغة: English
منشور في:
Leiden ; Boston :
Brill,
2015.
سلاسل:
Mnemosyne, Supplements
387.
Mnemosyne Supplements Online, Volumes 204-407, ISBN: 9789004322288.
الموضوعات:
الوصول للمادة أونلاين: Login to view Source
الوسوم: إضافة وسم
رقم الطلب: PA430.H6 P44 2015
| LEADER | 02724nam a2200481 i 4500 | ||
|---|---|---|---|
| 001 | BRILL9789004304277 | ||
| 003 | nllekb | ||
| 005 | 20230529211106.0 | ||
| 006 | m d | ||
| 007 | cr un uuuua | ||
| 008 | 150729s2015 ne sb 001 0 eng d | ||
| 010 | |a 2015029492 | ||
| 020 | |a 9789004304277 |q (electronic book) | ||
| 020 | |z 9789004294639 |q (print) | ||
| 024 | 7 | |a 10.1163/9789004304277 |2 DOI | |
| 040 | |a NL-LeKB |c NL-LeKB |e rda | ||
| 050 | 4 | |a PA430.H6 |b P44 2015 | |
| 072 | 7 | |a DSBB |2 bicssc | |
| 072 | 7 | |a LIT011000 |2 bisacsh | |
| 082 | 0 | 4 | |a 480.1/43 |2 23 |
| 100 | 1 | |a Peels, Saskia. | |
| 245 | 1 | 0 | |a Hosios : |b a semantic study of Greek piety / |c by Saskia Peels. |
| 264 | 1 | |a Leiden ; |a Boston : |b Brill, |c 2015. | |
| 300 | |a 1 online resource. | ||
| 336 | |a text |b txt |2 rdacontent | ||
| 337 | |a computer |b c |2 rdamedia | ||
| 338 | |a online resource |2 rdacarrier | ||
| 490 | 1 | |a Mnemosyne. Supplements ; v. 387 | |
| 504 | |a Includes bibliographical references and index. | ||
| 505 | 0 | 0 | |a Front Matter -- Introduction -- The Semantics of ὅσιος -- ὅσιος vs. εὐσεβής -- ὅσιος vs. δίκαιος -- Pious Gods -- ὅσιος vs. ∅ -- The Semantic Paradox -- Conclusion -- Bibliography -- Indexes. |
| 506 | |a Available to subscribing member institutions only. | ||
| 520 | |a In Hosios: A Semantic Study of Greek Piety Saskia Peels elucidates the semantics of the Ancient Greek adjective hosios and its cognates. Traditionally rendered as 'piety', hosios was a key notion in Classical Greek religion and reflected a core value in Athenian democracy. Since antiquity, its meaning and usage have puzzled many. This study sets out to resolve various scholarly debates on the semantics of hosios by focusing on the idea of lexical competition. It illuminates the semantic relationship between hosios and its near-synonyms eusebês and dikaios , and the connection to the notion of the 'sacred'. Using insights from modern linguistic theory, the book also aims to improve methods for research into the lexical semantics of a dead language. | ||
| 559 | 4 | |a PA430.H6 P44 2015 | |
| 650 | 0 | |a Hosios (The Greek word) | |
| 650 | 0 | |a Greek language |x Etymology. | |
| 651 | 0 | |a Greece |x Religion. | |
| 776 | 0 | 8 | |i Print version: |t Hosios: A Semantic Study of Greek Piety |d Leiden, Boston : BRILL, 2016, |z 9789004294639 |
| 830 | 0 | |a Mnemosyne, Supplements |v 387. | |
| 830 | 0 | |a Mnemosyne Supplements Online, Volumes 204-407, ISBN: 9789004322288. | |
| 856 | 4 | |z DOI: |u http://dx.doi.org/10.1163/9789004304277 | |
| 942 | |2 lcc |c EBOOK | ||
| 952 | |0 0 |1 0 |2 lcc |4 0 |6 PA0430 H6 P44 02015 |7 1 |9 48207 |a BRILL |b BRILL |d 2023-05-29 |l 0 |o PA430.H6 P44 2015 |r 2023-05-29 00:00:00 |w 2023-05-29 |y EBOOK | ||
| 999 | |c 53551 |d 53551 | ||
